Antología / (Registro nro. 7060)

Detalles MARC
000 -LEADER
fixed length control field 01475nam a22002537a 4500
003 - CONTROL NUMBER IDENTIFIER
control field OSt
005 - DATE AND TIME OF LATEST TRANSACTION
control field 20250702102823.0
008 - FIXED-LENGTH DATA ELEMENTS--GENERAL INFORMATION
fixed length control field 210114s2005 ck ||||gr|||| 00| 0 spa d
020 ## - INTERNATIONAL STANDARD BOOK NUMBER
International Standard Book Number 9587100204
040 ## - CATALOGING SOURCE
Original cataloging agency CO-JMCR
Transcribing agency CO-JMCR
041 0# - LANGUAGE CODE
Language code of text/sound track or separate title spa
082 04 - DEWEY DECIMAL CLASSIFICATION NUMBER
Classification number A-P
Item number ROJa
Edition number 23
100 1# - MAIN ENTRY--PERSONAL NAME
Personal name Rojas Herazo, Héctor,
Relator term autor
9 (RLIN) 12853
245 1# - TITLE STATEMENT
Title Antología /
Statement of responsibility, etc. Héctor Rojas Herazo
250 ## - EDITION STATEMENT
Edition statement Primera edición
260 ## - PUBLICATION, DISTRIBUTION, ETC.
Place of publication, distribution, etc. Bogotá :
Name of publisher, distributor, etc. Universidad Externad de Colombia,
Date of publication, distribution, etc. 2005
300 ## - PHYSICAL DESCRIPTION
Extent 70 páginas ;
Dimensions 15 cm.
490 ## - SERIES STATEMENT
Series statement Un libro por centavo ;
Volume/sequential designation 16
500 ## - GENERAL NOTE
General note Datos biográficos del autor página 70.
505 ## - FORMATTED CONTENTS NOTE
Formatted contents note Límite y resplandor -- La casa entre los robles -- El extraño -- Canción -- Verano -- Recado para un transeúnte -- Creatura encendida -- Primera afirmación corporal -- Clamor -- Encuentro un memorial en mis costillas -- La pie de un cascabel crecen dos ojos -- Cantilena del desterrado -- La reina -- Espina para clavar en tus sienes -- Jaculatoria corporal -- Atónito suspenso -- Súplica de amor -- Un hombre al lado del camino -- El deseo -- Los pescadores -- Responso por la muerte de un burócrata -- Epitafio a los dos adolescentes -- Confianza en Dios -- Menester -- El amigo -- Otra vez el amigo -- Contando con los dedos --Anciano ante el espejo -- Inventario a contra luz -- Poema de la profunda despedida -- Sentencia
650 24 - SUBJECT ADDED ENTRY--TOPICAL TERM
Topical term or geographic name entry element Poesía colombiana
9 (RLIN) 12854
650 24 - SUBJECT ADDED ENTRY--TOPICAL TERM
Topical term or geographic name entry element Antología poética
9 (RLIN) 12855
942 ## - ADDED ENTRY ELEMENTS (KOHA)
Source of classification or shelving scheme Dewey Decimal Classification
Koha item type Books
Existencias
Withdrawn status Lost status Source of classification or shelving scheme Damaged status Not for loan Home library Current library Shelving location Date acquired Source of acquisition Total Checkouts Full call number Barcode Date last seen Copy number Price effective from Koha item type
    Dewey Decimal Classification     Biblioteca Pública José María del Castillo y Rada Biblioteca Pública José María del Castillo y Rada General Stacks 04/15/2018 Donación   A-P ROJa 201810255 01/14/2021 Ej.1 04/15/2018 Books